20 Famous Movie Friendships Quiz Stats

 Plays Quiz Updated Oct 12, 2014

Challenge
Share
Tweet
Embed
Score 0/20 Timer 05:00
1 Play Today
% Correct
Donkey and Shrek
91.4%
Buzz and Woody
91.3%
Dory and Marlin
85%
Harry, Ron and Hermione
83.6%
Elliott and E.T.
80.7%
Harry and Sally
78.8%
George VI and Lionel
75.8%
Gimli and Legolas
73.9%
C3PO and R2D2
72.1%
Jack and Will
64.7%
% Correct
Butch and Sundance
59.9%
Carl and Russell
58.9%
Andy and Red
58.8%
Mike and Sulley
57.5%
Gordy, Chris, Teddy and Vern
56.3%
Turner and Hooch
53.8%
Grant and Malcolm
52.5%
Kirk and Spock
50.1%
Rick and Renault
45.8%
Ramius and Ryan
38.4%

You're not logged in!

Compare scores with friends on all Sporcle quizzes.
Join for Free
OR
Log In

You Might Also Like...

Show Comments

Extras

Top Quizzes Today


Score Distribution

Your Account Isn't Verified!

In order to create a playlist on Sporcle, you need to verify the email address you used during registration. Go to your Sporcle Settings to finish the process.

Report this User

Report this user for behavior that violates our Community Guidelines.

Details: